The Collected Works Of freedom Fighter Rashbehari Bose (Record no. 210598)

MARC details
000 -LEADER
fixed length control field 00658nam a22002057a 4500
005 - DATE AND TIME OF LATEST TRANSACTION
control field 20250401143841.0
010 ## - LCCN (DPL NO)
LC control number ENG-144319
020 ## - INTERNATIONAL STANDARD BOOK NUMBER
International Standard Book Number 9788194978046
Terms of availability 550.00p
035 ## - SYSTEM CONTROL NUMBER
System control number EN-127851
037 ## - SOURCE OF ACQUISITION
Source of stock number/acquisition DBAD
082 ## - DEWEY DECIMAL CLASSIFICATION NUMBER
Classification number 921
100 ## - MAIN ENTRY--PERSONAL NAME
Personal name Das Asitabha
245 ## - TITLE STATEMENT
Title The Collected Works Of freedom Fighter Rashbehari Bose
Statement of responsibility, etc Asitabha Das
Medium English
250 ## - EDITION STATEMENT
Edition statement 1st(reprint)
260 ## - PUBLICATION, DISTRIBUTION, ETC. (IMPRINT)
Place of publication, distribution, etc Kolkata
Name of publisher, distributor, etc Alpana Enterprise
Date of publication, distribution, etc 2023
270 ## - ADDRESS
Address 9,Bir ananta Ram Mondal Lane, Sinthee
City Kolkata
Postal code 700050
300 ## - PHYSICAL DESCRIPTION
Extent xviii.376.p
Dimensions 22cm. (Hb)
700 ## - ADDED ENTRY--PERSONAL NAME
Personal name Asitabha Das : Ajit Rabi Das
9 (RLIN) 80043
942 ## - ADDED ENTRY ELEMENTS (KOHA)
Source of classification or shelving scheme Dewey Decimal Classification
Item type English Books
Classification part 921
Call number suffix Das
Edition 1
Holdings
Withdrawn status Lost status Not for loan Collection code Home library Current library Date acquired Source of acquisition Cost, normal purchase price Full call number Barcode Cost, replacement price Koha item type
      Non-fiction Bawana Bawana 01/04/2025 DBAD 550.00 921 DAS EN-127851 550.00 English Books

© Delhi Public Library
Hit Counter
free hit counter